00898nas a2200229Ia 4500001001100000003000900011008004100020040001300061040001300074041001300087100004800100210001800148222001800166245007800184250001100262260004100273501008600314300001700400362003400417500016300451650005400614R138/B2842IT-RoPAU151124c99999999xx |||||||||||| ||und|| aIT-RoPAU cIT-RoPAU aITALIANO aVecchiato GiorgiogCodice Aut. SPICS: 35048 aFAMIGLIA OGGI aFamiglia Oggi aFAMIGLIA OGGI, ANNO 16-N.01 (GENNAIO 1993)bTutti I Presentatori Della Tv a1a ed. aMILANObST PAULS INTERNATIONALc1993 bPaulus - SPICS - Società San Paolo EM (non-commercial uses only)cCopyright2015 a4 p. [59-62] aANNO 016, N.01 (GENNAIO 1993) aUrlanti, Dialoganti, Ironici, Classici, Sportivi, un Po' Giornalisti e un Po' Attori, i Protagonisti Delle Trasmissioni Televisive Nell'Analisi di Uncronista. aCOMUNICAZIONE - FAMIGLIAvPUBBLICAZIONE PERIODICA